| 000 | 00499nam a22001937a 4500 | ||
|---|---|---|---|
| 003 | LC | ||
| 005 | 20160222144658.0 | ||
| 008 | 121115t xxu||||| |||| 00| 0 eng d | ||
| 020 | _a8917162274 | ||
| 050 |
_aPQ 2469 _b.V531 1999 |
||
| 082 |
_aFIC _bV59a 1999 |
||
| 100 | _aVerne, Jules | ||
| 245 |
_aAround the world in 80 days _cJules Verne. |
||
| 260 |
_aSeoul, Korea : _bYBM Si-yong-o-sa, _c1999. |
||
| 300 |
_a104 p. ; _b20 cm. |
||
| 650 |
_aFiction _9746 |
||
| 942 |
_2lcc _cBK |
||
| 999 |
_c10931 _d10931 |
||